[Event "Burgas"]
[Site "?"]
[Date "1992.??.??"]
[Round "?"]
[White "Dorfman, J."]
[Black "Razuvaev, Y."]
[Result "1-0"]
[WhiteElo "2610"]
[BlackElo "2565"]
[PlyCount "93"]
[EventDate "1992.??.??"]
[Source "ChessBase"]
[SourceDate "1992.06.01"]

1. c4 e5 2. g3 Nf6 3. Bg2 c6 4. d4 Bb4+ 5. Bd2 Bxd2+ 6. Qxd2 d6 7. Nc3 O-O 8. e3 Nbd7 9. Nge2 Qe7 10. h3 Re8 11. g4 Nb6 12. b3 a5 13. O-O a4 14. Rae1 axb3 15. axb3 d5 16. c5 Nbd7 17. Ng3 Nf8 18. g5 N6d7 19. f4 e4 20. Nf5 Qd8 21. Nd6 Re6 22. Ra1 Rb8 23. h4 Rxd6 24. cxd6 Nb6 25. f5 Qxd6 26. Qf2 Bd7 27. Ne2 Nc8 28. Ng3 Qc7 29. Bh3 Nd6 30. Qf4 Nb5 31. Qxc7 Nxc7 32. Rf2 Bc8 33. Kh2 Nd7 34. f6 g6 35. Ne2 Nb6 36. Nf4 Bxh3 37. Kxh3 Nd7 38. h5 gxh5 39. Kh4 Na6 40. Nxh5 Nf8 41. Ng7 h6 42. Kh5 hxg5 43. Kxg5 Nc7 44. Kh6 Ng6 45. Rg2 Kf8 46. Rxg6 fxg6 47. Kxg6 1-0

[Event "ch-Euro Blitz"]
[Site "Ajaccio FRA"]
[Date "2007.10.26"]
[Round "30"]
[White "Cvitan, O."]
[Black "Mchedlishvili, M."]
[Result "1/2-1/2"]
[WhiteElo "2543"]
[BlackElo "2631"]
[PlyCount "62"]
[EventDate "2007.10.25"]
[Source "www.chesslib.no"]
[SourceDate "2004.05.04"]

1. c4 e5 2. g3 Nf6 3. Bg2 c6 4. d4 exd4 5. Qxd4 d5 6. Nf3 Be6 7. cxd5 Qxd5 8. Nc3 Nbd7 9. O-O Rd8 10. Rd1 Nb6 11. b3 Bb4 12. Ne4 Bc3 13. Bg5 Bxa1 14. Rxa1 Ke7 15. Rd1 Nbd7 16. Be3 Qxb3 17. axb3 a6 18. Bc1 Nb8 19. Ba3+ Rd6 20. Bb2 h6 21. Bc1 Nbd7 22. h4 Nb6 23. Bd2 Nbd5 24. Bc1 Kf8 25. h5 b5 26. Bf4 Ne7 27. Bxd6 Kg8 28. Be5 Nf5 29. b4 Nd6 30. Bf1 c5 31. bxc5 Bc8 1/2-1/2

[Event "Ch Spain (team) (1 Div) (South)"]
[Site "Burguillos (Spain)"]
[Date "2007.08.23"]
[Round "2"]
[White "Matamoros Franco Carlos S (EC"]
[Black "Avrukh Boris (ISR)"]
[Result "0-1"]
[WhiteElo "2528"]
[BlackElo "2645"]
[PlyCount "62"]
[EventDate "2007.??.??"]
[Source "www.chesslib.no"]
[SourceDate "2004.05.04"]

1. c4 e5 2. g3 Nf6 3. Bg2 h6 4. d3 Bc5 5. Nf3 Nc6 6. Nc3 d6 7. O-O a6 8. b3 O-O 9. Bb2 Ba7 10. Qd2 Be6 11. h3 Rb8 12. Kh2 b5 13. Rac1 Ne7 14. e3 c6 15. Ne2 Nd7 16. d4 bxc4 17. dxe5 dxe5 18. Nxe5 Nxe5 19. Qxd8 Ng4+ 20. hxg4 Rfxd8 21. Nf4 cxb3 22. Nxe6 fxe6 23. axb3 Rxb3 24. Rc2 Nd5 25. Rd2 Bb6 26. Ra1 Nb4 27. Rxd8+ Bxd8 28. Bd4 Bf6 29. Bxf6 gxf6 30. Rc1 Rb2 31. f4 a5 0-1

[Event "ARM-ch 63rd"]
[Site "Yerevan"]
[Date "2003.09.20"]
[Round "5"]
[White "Minasian, Artashes"]
[Black "Sargissian, Gabriel"]
[Result "1/2-1/2"]
[WhiteElo "2571"]
[BlackElo "2600"]
[PlyCount "31"]
[EventDate "2003.09.16"]
[Source "ChessBase"]
[SourceDate "2003.10.22"]

1. g3 e5 2. c4 Nf6 3. Bg2 c6 4. d4 Bb4+ 5. Bd2 Bxd2+ 6. Qxd2 d6 7. Nc3 O-O 8. e3 Be6 9. d5 cxd5 10. cxd5 Bf5 11. e4 Bd7 12. Nge2 a5 13. O-O Na6 14. f4 Nc5 15. fxe5 dxe5 16. Qe3 1/2-1/2

[Event "Tallinn"]
[Site "Tallinn"]
[Date "1989.??.??"]
[Round "10"]
[White "Eingorn, Vereslav S"]
[Black "Ehlvest, Jaan"]
[Result "1/2-1/2"]
[WhiteElo "2570"]
[BlackElo "2600"]
[PlyCount "20"]
[EventDate "1989.04.??"]
[Source "www.chesslib.no"]
[SourceDate "2004.05.04"]

1. c4 e5 2. g3 Nf6 3. Bg2 d5 4. cxd5 Nxd5 5. Nf3 Nc6 6. O-O Nb6 7. b3 g6 8. Nc3 Bg7 9. Ba3 a5 10. Rc1 Nb4 1/2-1/2

[Event "op 8th"]
[Site "Bad Zwesten"]
[Date "2004.01.07"]
[Round "9"]
[White "Markowski, Tomasz"]
[Black "Savchenko, Stanislav"]
[Result "0-1"]
[WhiteElo "2610"]
[BlackElo "2560"]
[PlyCount "54"]
[EventDate "2004.01.??"]
[Source "Roberto Alvarez"]
[SourceDate "2004.03.29"]

1. g3 e5 2. c4 Nf6 3. Bg2 h6 4. d3 Bb4+ 5. Nd2 a5 6. Ngf3 Nc6 7. O-O O-O 8. a3 Bc5 9. b3 d6 10. Bb2 Bf5 11. Qc2 Qd7 12. e3 Rfe8 13. Qc3 Bh3 14. d4 exd4 15. exd4 Ba7 16. Rae1 Bxg2 17. Kxg2 Qf5 18. Rxe8+ Rxe8 19. d5 Ne5 20. Nxe5 dxe5 21. Qxa5 Bd4 22. Bxd4 exd4 23. Qc5 d3 24. f3 Re2+ 25. Rf2 Qe5 26. f4 Qc3 27. Qb4 Qc1 0-1

[Event "Reykjavik"]
[Site "?"]
[Date "1987.??.??"]
[Round "?"]
[White "Kortchnoi, V."]
[Black "Arnason, J."]
[Result "0-1"]
[WhiteElo "2625"]
[BlackElo "2540"]
[PlyCount "110"]
[EventDate "1987.??.??"]
[Source "ChessBase"]
[SourceDate "1987.01.01"]

1. c4 e5 2. g3 d6 3. d4 exd4 4. Qxd4 Nf6 5. Bg2 g6 6. Qe3+ Be7 7. Nh3 O-O 8. Nf4 c6 9. O-O Nbd7 10. b3 a5 11. Nc3 Re8 12. Qd2 Nc5 13. Ba3 Nfd7 14. Rad1 Bf8 15. Qc2 Qb6 16. Rd2 Nf6 17. Bb2 Bf5 18. Qc1 Nfd7 19. Nd1 Ne5 20. Ne3 Bc8 21. Bc3 Qc7 22. Rfd1 Ne6 23. Ba1 Ng7 24. Qc3 Nf5 25. Nxf5 Bxf5 26. e4 Bg4 27. f3 Bc8 28. Kh1 f5 29. c5 dxc5 30. Nd3 Bg7 31. Nxc5 Qe7 32. f4 Ng4 33. e5 g5 34. h3 gxf4 35. hxg4 fxg3 36. Qc4+ Kh8 37. gxf5 Bxf5 38. Bf3 Qg5 39. Kg2 Qh6 40. Bg4 Qh2+ 41. Kf3 Bxg4+ 42. Qxg4 Rf8+ 43. Ke4 Rf2 44. Rd7 Qg2+ 45. Kd4 Rg8 46. Ne6 Rd2+ 47. Kc4 Rxd7 48. Rxd7 Qc2+ 49. Bc3 b5+ 50. Kd4 Bxe5+ 51. Kxe5 Rxg4 52. Bd4 Qe4+ 53. Kf6 Qg6+ 54. Ke7+ Rxd4 55. Rxd4 g2 0-1

[Event "Open"]
[Site "?"]
[Date "1998.04.11"]
[Round "7"]
[White "Eingorn Vereslav S"]
[Black "Korneev Oleg"]
[Result "1-0"]
[WhiteElo "2605"]
[BlackElo "2560"]
[PlyCount "111"]
[EventDate "1998.??.??"]
[Source "www.chesslib.no"]
[SourceDate "2004.05.04"]

1. c4 e5 2. g3 Nf6 3. Bg2 d5 4. cxd5 Nxd5 5. Nf3 Nc6 6. O-O Nb6 7. b3 g6 8. Nc3 Bg7 9. Ba3 a5 10. Ne1 Nb4 11. Nc2 c5 12. Ne3 O-O 13. Bb2 Qe7 14. Nc4 Nxc4 15. bxc4 Rb8 16. a3 Nc6 17. d3 Be6 18. Rb1 Rfc8 19. Ba1 b6 20. Qd2 Qd8 21. Rfd1 Nd4 22. e3 Nf5 23. Qe2 Nd6 24. Rb3 Bd7 25. a4 Nf5 26. Rdb1 Bc6 27. Bxc6 Rxc6 28. Nd5 Ne7 29. e4 Rd6 30. Bc3 Nxd5 31. exd5 Ra8 32. Qb2 Qe8 33. Rb5 Ra6 34. Re1 f6 35. f4 h5 36. fxe5 fxe5 37. Re4 Qf7 38. Bxe5 Bxe5 39. Qxe5 Rf6 40. Qe8+ Qf8 41. Qxf8+ Kxf8 42. Rb2 Ra7 43. Rf2 Rxf2 44. Kxf2 Kg7 45. Re6 Rf7+ 46. Ke2 Rb7 47. h4 Rb8 48. Ke3 Rf8 49. Rxb6 Rf1 50. Rb5 Rg1 51. Kf2 Rd1 52. Ke2 Rg1 53. Rxc5 Rxg3 54. d6 Kf7 55. Re5 Rg2+ 56. Kf3 1-0

[Event "Camp. svizzero a sq. - Zurigo-Mendrisio"]
[Site "Svizzera"]
[Date "2008.09.07"]
[Round "7.2"]
[White "Bauer, Christian"]
[Black "Glek, Igor"]
[Result "1/2-1/2"]
[WhiteElo "2624"]
[BlackElo "2540"]
[PlyCount "87"]
[EventDate "2008.03.02"]
[Source "www.chesslib.no"]
[SourceDate "2004.05.04"]

1. c4 e5 2. g3 Nf6 3. Bg2 h6 4. d3 Bb4+ 5. Nd2 O-O 6. Ngf3 Re8 7. O-O c6 8. Qa4 Bf8 9. Ne4 Na6 10. Nxf6+ Qxf6 11. Bd2 e4 12. dxe4 Qxb2 13. Rab1 Nc5 14. Qa5 Qc2 15. Be3 b6 16. Rxb6 Nb7 17. Rxb7 Bxb7 18. Ne5 Bc8 19. Bf3 Qb2 20. Nd3 Qa3 21. Qd2 Rb8 22. e5 Qa4 23. Bf4 Rb6 24. c5 Rb5 25. Rc1 Qa3 26. Be3 Ba6 27. Kg2 Rb7 28. Bd4 Reb8 29. e6 dxe6 30. Bxc6 Rc7 31. Be5 Rxc6 32. Bxb8 Bxd3 33. exd3 Rxc5 34. Rxc5 Qxc5 35. Kg1 Qb5 36. Bf4 Qb1+ 37. Kg2 Bb4 38. Qe2 a5 39. Be5 Bf8 40. a4 Qb3 41. Qe4 Bb4 42. Qa8+ Kh7 43. Qe4+ Kg8 44. Qa8+ 1/2-1/2

[Event "EU-ch 4th"]
[Site "?"]
[Date "2003.05.31"]
[Round "2"]
[White "Gurevich Mikhail"]
[Black "Godena Michele"]
[Result "1/2-1/2"]
[WhiteElo "2635"]
[BlackElo "2527"]
[PlyCount "84"]
[EventDate "2003.??.??"]
[Source "www.chesslib.no"]
[SourceDate "2004.05.04"]

1. c4 e5 2. g3 c6 3. d4 Bb4+ 4. Bd2 Bxd2+ 5. Qxd2 d6 6. Nc3 Nf6 7. Bg2 O-O 8. e4 Be6 9. b3 b5 10. cxb5 cxb5 11. dxe5 dxe5 12. Qxd8 Rxd8 13. Nxb5 Nc6 14. Nf3 Rac8 15. O-O a6 16. Na3 Nxe4 17. Nxe5 Nxe5 18. Bxe4 Rd2 19. Rfd1 Rcd8 20. Rxd2 Rxd2 21. f4 f5 22. Bg2 Ng4 23. Re1 Rxa2 24. Rxe6 Rxa3 25. Bd5 Kf8 26. h3 Ra1+ 27. Kg2 Ra2+ 28. Kf1 Nf6 29. Bc4 Ne4 30. Ke1 Ra1+ 31. Ke2 Nxg3+ 32. Ke3 Re1+ 33. Kd4 Rxe6 34. Bxe6 a5 35. Kc5 Ke7 36. Bg8 h6 37. Kb6 Kd6 38. Kxa5 Kc7 39. Kb5 Ne2 40. Bh7 Nxf4 41. Bxf5 g6 42. Be4 Nxh3 1/2-1/2